LEADER 01327nam2-2200409li-450 001 990000132450203316 005 20180312154648.0 010 $a0-471-51284-2 035 $a0013245 035 $aUSA010013245 035 $a(ALEPH)000013245USA01 035 $a0013245 100 $a20001109d1990----km-y0itay0103----ba 101 0 $aeng 102 $aUS 200 1 $aLinear programming and network flows$fMokhtar S. Bazaraa, John J. Jarvis, Hanif D. Sherali 205 $a2nd ed 210 $aNew York [etc.]$cJohn Wiley & Sons$dcopyr 1990 215 $aXIV, 684 p.$cill.$d26 cm. 451 0$12001$aLinear programming and network flows$fMokhtar S. Bazaraa, John J. Jarvis 610 1 $aprogrammazione lineare 610 1 $areti$aanalisi 676 $a51972$9Programmazione (Programmazione lineare) 700 1$aBazaraa,$bMokhtar S.$03992 702 1$aJarvis,$bJohn J. 702 1$aSherali,$bHanif D. 801 $aSistema bibliotecario di Ateneo dell' Università di Salerno$gRICA 912 $a990000132450203316 951 $a519.72 BAZ (A)$b0001106 959 $aBK 969 $aTEC 979 $c19910619 979 $c20001110$lUSA01$h1711 979 $c20020403$lUSA01$h1621 979 $aPATRY$b90$c20040406$lUSA01$h1610 996 $aLinear programming and network flows$91476054 997 $aUNISA LEADER 01829nam0 22004213i 450 001 LO11429584 005 20251003044215.0 010 $a9788860367204 100 $a20121009d2012 ||||0itac50 ba 101 | $aita 102 $ait 181 1$6z01$ai $bxxxe 182 1$6z01$an 200 1 $aSocialismo come libertà$ela storia lunga di Gaetano Salvemini$fGaetano Pecora 210 $aRoma$cDonzelli$d2012 215 $aX, 208 p.$d17 cm. 225 | $aSaggine$v197 410 0$1001RAV0233095$12001 $aSaggine$v197 606 $aSalvemini, Gaetano$2FIR$3CFIC016556$9E 606 $aSocialismo$xItalia$x1860-1946$2FIR$3CFIC138408$9I 676 $a320.531$9IDEOLOGIE POLITICHE. SOCIALISMO$v20 676 $a320.531$9IDEOLOGIE POLITICHE. SOCIALISMO$v21 676 $a320.531$9IDEOLOGIE POLITICHE. SOCIALISMO$v22 676 $a320.531092$9SOCIALISMO. BIOGRAFIE$v20 676 $a320.531092$9$v21 700 1$aPecora$b, Gaetano$3CFIV069119$4070$0156291 801 3$aIT$bIT-000000$c20121009 850 $aIT-BN0095 $aIT-BN0090 $aIT-NA0070 $aIT-SA0070 $aIT-NA0097 901 $bNAP 01$cLTCAL $n$ 901 $bNAP BU$c4 A $nPropedeutica. Formato cm. 1-20. Sociologia.Sociologia industriale.Statistica gen 901 $bNAP BS$cSAGGISTICA$n$ 901 $bNAP SP$cNF. $nNUOVO FONDO 901 $bNAP SA$cSALA 1 $n$ 912 $aLO11429584 950 0$aBiblioteca Centralizzata di Ateneo$d 01LTCAL (S) 3 B 374$e 01S 0090033745 VMA 1 v.$fB $h20140326$i20140326$d 01LTCAL (S) 3 B 375$e 01S 0090033755 VMA (bis 1 v. (2. copia)$fY $h20140326$i20140326 977 $a 01$a BS$a BU$a SA$a SP 996 $aSocialismo come libertà$964420 997 $aUNISANNIO